| 000 | 01669cam a2200325 i 4500 | ||
|---|---|---|---|
| 001 | 18257265 | ||
| 005 | 20240530110538.0 | ||
| 008 | 140805s2015 paua f 001 0 eng | ||
| 020 | _a9781469897806 | ||
| 020 | _a1469897806 | ||
| 035 | _a(DNLM)101638684 | ||
| 040 |
_aDNLM/DLC _cDLC _erda _dDLC |
||
| 082 | 0 | 4 |
_a612.64 / _bS L _221 |
| 100 | 1 |
_aSadler, T. W. _q(Thomas W.), |
|
| 245 | 1 | 0 |
_aLangman's medical embryology / _cT.W. Sadle. |
| 250 | _a13th ed. | ||
| 260 |
_aPhiladelphia : _bWolters Kluwer, _cc2015. |
||
| 300 |
_axiii, 407 p. : _bill. (some col) ; _c26 cm. |
||
| 500 | _aIncludes index. | ||
| 505 | 0 | _aIntroduction to molecular regulation and signaling -- Gametogenesis: conversion of germ cells into male and female gametes -- First week of development: ovulation to implantation -- Second week of development: bilaminar germ disc -- Third week of development: trilaminar germ disc -- Third to eighth weeks: the embryonic period -- The gut tube and the body cavities -- Third month to birth: the fetus and placenta -- Birth defects and prenatal diagnosis -- The axial skeleton -- Muscular system -- Limbs -- Cardiovascular system -- Respiratory system -- Digestive system -- Urogenital system -- Head and neck -- Central nervous system -- Ear -- Eye-- Integumentary system. | |
| 650 | 0 | 4 | _aEmbryology, Human. |
| 650 | 0 | 4 | _aAbnormalities, Human. |
| 650 | 0 | 4 | _aEmbryonic Development. |
| 650 | 0 | 4 | _aFetal Development. |
| 650 | 0 | 4 | _aCongenital Abnormalities. |
| 906 |
_a7 _bcbc _corignew _d1 _eecip _f20 _gy-gencatlg |
||
| 942 |
_2ddc _cBK |
||
| 999 |
_c62207 _d62207 |
||